Die masse des normalen liters von ammoniak / (Record no. 110260)
[ view plain ]
| 000 -LEADER | |
|---|---|
| campo de control de longitud fija | 00620nam a2200193 4500 |
| 001 - NÚMERO DE CONTROL | |
| campo de control | 110260 |
| 003 - IDENTIFICADOR DE NÚMERO DE CONTROL | |
| campo de control | ES-MaACL |
| 005 - FECHA Y HORA DE LA ÚLTIMA TRANSACCIÓN | |
| campo de control | 20230906185019.0 |
| 007 - CAMPO FIJO DE DESCRIPCIÓN FÍSICA--INFORMACIÓN GENERAL | |
| campo de control de longitud fija | t| |
| 008 - DATOS DE LONGITUD FIJA--INFORMACIÓN GENERAL | |
| campo de control de longitud fija | 061121s1929 au r ||||1| ger d |
| 100 1# - ENTRADA PRINCIPAL--NOMBRE DE PERSONA | |
| Nombre de persona | Moles, Enrique ( |
| Fechas asociadas al nombre | 1883-1953) |
| 9 (RLIN) | 81864 |
| 245 14 - MENCIÓN DEL TÍTULO | |
| Título | Die masse des normalen liters von ammoniak / |
| Mención de responsabilidad, etc. | von E. Moles und T. Batuecas. |
| 260 ## - PUBLICACIÓN, DISTRIBUCIÓN, ETC. | |
| Lugar de publicación, distribución, etc. | Wien : |
| Nombre del editor, distribuidor, etc. | Hölder, Pichler, Tempsky, |
| Fecha de publicación, distribución, etc. | 1929. |
| 300 ## - DESCRIPCIÓN FÍSICA | |
| Extensión | 4 h. ; |
| Dimensiones | 23 cm. |
| 595 ## - | |
| -- | Tirada aparte de: Monatsheften für chemie, v. 53-54, p. 779-785. |
| 650 #4 - PUNTO DE ACCESO ADICIONAL DE MATERIA--TÉRMINO DE MATERIA | |
| Término de materia o nombre geográfico como elemento de entrada | Amoníaco. |
| 9 (RLIN) | 172952 |
| 700 1# - ENTRADA AGREGADA--NOMBRE PERSONAL | |
| Nombre de persona | Batuecas, T. |
| 9 (RLIN) | 26493 |
| 852 ## - LOCALIZACIÓN | |
| Ubicación | ES-MaACL |
| Número de control de estantería | 1734-F-25 |
| Estatus retirado | Estado de pérdida | Estado de daño | No para préstamo | Colección | Biblioteca de origen | Biblioteca actual | Ubicación en estantería | Fecha de adquisición | Fuente de adquisición | Total de préstamos | Signatura topográfica completa | Código de barras | Visto por última vez | Precio de reemplazo | Tipo de ítem Koha |
|---|---|---|---|---|---|---|---|---|---|---|---|---|---|---|---|
| Colección de folletos | Biblioteca del Ateneo de Madrid | Biblioteca del Ateneo de Madrid | Depósito folletos | 17/01/2008 | 1734-F-25 | 1115032 | 23/02/2023 | 23/02/2023 | Folleto |
